| 000 | 00751nam a2200241 u 4500 | ||
|---|---|---|---|
| 005 | 20241011063821.0 | ||
| 008 | 181115s1976 r 000 0 eng d | ||
| 035 | _aUPN01000227864 | ||
| 049 | _aCG | ||
| 050 | 4 |
_aLB1135 _bP6.2 |
|
| 100 | 1 |
_aPonce, Aníbal, _d1898-1938 _929439 |
|
| 245 | 1 | 0 |
_aAdolescencia, educación y sociedad / _cAníbal Ponce, Ernest Fischer, Lucio del Cornó. |
| 260 |
_aMéxico : _bEdiciones de Cultura Popular, _c1976. |
||
| 300 | _a200 p. | ||
| 440 | 0 | _aEducación | |
| 650 | 4 |
_aEducación de adolescentes _9252 |
|
| 650 | 4 |
_aPsicología del adolescente _91013 |
|
| 650 | 4 |
_aAdolescencia _91008 |
|
| 700 | 1 |
_aFischer, Ernest, _ecoaut. |
|
| 700 | 1 |
_aCornó, Lucio del, _ecoaut. |
|
| 905 | _aLibro | ||
| 999 |
_c199959 _d199959 |
||